000 00460nam a22001817a 4500
003 CEME
005 20210628202154.0
008 210209b xxu||||| |||| 00| 0 eng d
020 _a1-58488-421-5
040 _c.
082 _a621.382 BIE
100 _aBierbrauer , Juergen
_958586
245 _aThe introduction to coding theory
260 _aNEW YORK
_bCHAPMAN & HALL
_c2004
300 _aXXIII,390P
650 _aCODING THEORY
_93106
942 _cBK
_2ddc
999 _c568750
_d568750